Bologna - matka univerzít

Bibliographic Details
Main Author: Tomovičová, Jana (Author)
Format: Article
Language:Slovak
PhysicalDescription:Fotogr.
ISSN:1335-6550
Subjects:

MARC

LEADER 00000nab a2200000 a 4500
001 vtls001519835
003 SK-MaSNL
005 20260304140157.0
008 250505c2005 xo ||||||| 000 b|slo
015 |a SNBRB2005/03  |2 snkbucl 
035 |a (uuid)85c02b9b-78b3-41f0-8756-c06424720dc6 
035 |a urn:nbn:sk:snk-ab1m5c 
035 |a (urnnbn)urn:nbn:sk:snk:ar-004izb 
038 |a SNKBUCL 
040 |a SNKBUCL  |b slo  |c SNKBUCL  |e AACR2 
041 0 |a slo 
044 |a xo  |c SK 
080 |a 378.4(450.451)  |x (091)  |2 1997 
080 |a 94(450.451):37  |2 1997 
100 1 |a Tomovičová, Jana  |4 aut  |9 1400624 
245 1 0 |a Bologna - matka univerzít  |c Jana Tomovičová 
300 |b Fotogr. 
610 2 7 |a Univerzita (Bologna, Taliansko)  |x dejiny  |2 snkbucl  |9 1456281 
651 7 |a Bologna (Taliansko)  |2 snkbucl  |9 58383 
773 0 |t Historická revue  |g Roč. XVI, č. 1 (2005), s. 14-15  |x 1335-6550 
850 |a Slovenská národná knižnica 
852 |a Slovenská národná knižnica 
954 |a odborná, vedecká literatúra pôvodná (slovenská)  |2 lita 
958 |a article27 
958 |a IT 
958 |a OND 
958 |a EUIPO 
999 |c 2914013  |d 2915943